[Event "IECG RN.2001.0.00003"]
[Site "IECG email"]
[Date "2001.03.15"]
[Round "?"]
[White "Vio, Mauro"]
[Black "Hogg, Dave"]
[Result "1-0"]
[WhiteElo "830"]
[BlackElo "800"]
[PlyCount "89"]
[EventDate "2001.03.15"]
[EventType "tourn (corr)"]
[EventRounds "6"]
[SourceTitle "Corr 2008"]
[Source "ChessBase"]
[SourceDate "2008.06.24"]
[SourceVersion "1"]
[SourceVersionDate "2008.06.24"]
[SourceQuality "1"]

1. d4 Nf6 2. c4 g6 3. Nc3 Bg7 4. e4 d6 5. Bg5 0-0 6. Nf3 c6 7. Bxf6 Bxf6 8. Be2 Nd7 9. 0-0 e5 10. d5 c5 11. a3 b6 12. Nb5 Be7 13. b4 a6 14. Nc3 cxb4 15. axb4 a5 16. Qb3 Ba6 17. Rfb1 Qc7 18. bxa5 bxa5 19. Nb5 Bxb5 20. cxb5 Rfb8 21. Qe3 Nb6 22. Rc1 Qd8 23. Ra3 f5 24. exf5 gxf5 25. Rc6 Nxd5 26. Qb3 Rc8 27. Qxd5+ Kg7 28. Nxe5 dxe5 29. Rg3+ Kh8 30. Qxe5+ Bf6 31. Rxf6 Rc1+ 32. Bf1 Rxf1+ 33. Kxf1 Qd1+ 34. Qe1 Qxe1+ 35. Kxe1 a4 36. f4 a3 37. Ra6 Re8+ 38. Kf2 Rb8 39. Rg5 Rf8 40. Rxa3 h6 41. Rgg3 Rc8 42. b6 Rb8 43. Rgb3 Kg7 44. b7 Kf7 45. Ra8 1-0

[Event "IECC CL7-2001.06"]
[Site "IECC email"]
[Date "2001.02.23"]
[Round "?"]
[White "Borup, John"]
[Black "Hogg, Dave"]
[Result "1/2-1/2"]
[WhiteElo "1087"]
[BlackElo "1150"]
[PlyCount "94"]
[EventDate "2001.??.??"]
[EventType "tourn (corr)"]
[EventRounds "4"]
[SourceTitle "Corr 2008"]
[Source "ChessBase"]
[SourceDate "2008.06.24"]
[SourceVersion "1"]
[SourceVersionDate "2008.06.24"]
[SourceQuality "1"]

1. b4 e5 2. Bb2 Nc6 3. b5 Nce7 4. Bxe5 d6 5. Bb2 Bf5 6. Nc3 Nf6 7. d3 g6 8. e4 Be6 9. h3 Bg7 10. Nf3 0-0 11. Be2 d5 12. e5 Nd7 13. d4 c5 14. dxc5 Nxc5 15. 0-0 Nf5 16. Bd3 Nxd3 17. Qxd3 Rc8 18. a4 d4 19. Ne2 Bc4 20. Qe4 d3 21. Rfd1 Bd5 22. Qxd3 Bc4 23. Qe4 Qe8 24. Nc3 b6 25. Ba3 Ne7 26. Qb7 Nf5 27. Bxf8 Bxf8 28. Qxa7 Bc5 29. Qb7 Rb8 30. Qe4 Be6 31. Qc6 Qxc6 32. bxc6 Rc8 33. a5 bxa5 34. Rxa5 Bb4 35. Ra6 Bxc3 36. Ng5 Bc4 37. Ra3 Bxe5 38. Re1 Bb2 39. Ra7 h6 40. Nf3 Bc3 41. Rd1 Rxc6 42. Rdd7 Be6 43. Rd3 Nd6 44. Nd4 Bxd4 45. Rxd4 Nb5 46. Rd8+ Kg7 47. Ra5 Nc3 1/2-1/2